| 000 | 01958nam a2200469Ii 4500 | ||
|---|---|---|---|
| 001 | DIGFLACEC0039 | ||
| 003 | NyNyDIG | ||
| 006 | m o d | ||
| 007 | cr ||||||||||| | ||
| 008 | 240915s2023 ec ab ob 000 0 spa d | ||
| 035 | _a(OCoLC)1427225893 | ||
| 040 |
_aDGITA _beng _erda _epn _cDGITA |
||
| 020 |
_a9789978676653 _q(pdf) |
||
| 020 |
_z9789978676639 _q(impreso) |
||
| 041 | 1 |
_aspa _heng |
|
| 043 | _ancpn--- | ||
| 050 | 1 | 4 | _aF1577.B55 ebook |
| 100 | 1 |
_aGuerrón-Montero, Carla María, _d1970- _eauthor. |
|
| 240 | 1 | 0 |
_aFrom temporary migrants to permanent attractions. _lSpanish |
| 245 | 1 | 0 |
_aPoblación afroantillana y turismo en Panamá : _bde migrantes temporales a atractivos permanentes / _cCarla Guerrón Montero. |
| 264 | 1 |
_aQuito-Ecuador : _bEditorial FLACSO Ecuador, _c[2023] |
|
| 300 |
_a1 online resource : _billustrations, maps. |
||
| 336 |
_atext _btxt _2rdacontent |
||
| 337 |
_acomputer _bc _2rdamedia |
||
| 338 |
_aonline resource _bcr _2rdacarrier |
||
| 347 |
_atext file _2rdaft |
||
| 347 | _bPDF | ||
| 490 | 1 | _aAtrio | |
| 504 | _aIncludes bibliographical references. | ||
| 588 | 0 | _aOnline resource; title from PDF title page (Digitalia, viewed September 15, 2024) | |
| 650 | 0 |
_aBlack people _zPanama. |
|
| 650 | 0 |
_aGroup identity _zPanama. |
|
| 650 | 0 |
_aTourism _zPanama. |
|
| 700 | 1 |
_iTranslation of: _aGuerrón-Montero, Carla María, _d1970- _tFrom temporary migrants to permanent attractions. |
|
| 776 | 0 | 8 |
_iPrint version: _aGuerrón-Montero, Carla María, 1970- _sFrom temporary migrants to permanent attractions. Spanish. _tPoblación afroantillana y turismo en Panamá. _dQuito-Ecuador : Editorial FLACSO Ecuador, [2023] _z9789978676639 |
| 791 | 2 |
_aDigitalia (Firm), _edistributor. |
|
| 793 | 0 |
_gDigitalia eBook Collection: _aFLACSO Ecuador |
|
| 830 | 0 | _aAtrio. | |
| 856 | 4 | 0 |
_3Digitalia Hispánica _uhttps://www.digitaliapublishing.com/a/157170/ |
| 910 | _aPremium collection: 2024 | ||
| 942 | _cRAA | ||
| 999 |
_c287057 _d287057 |
||